| 000 | 01304nam a22002177a 4500 | ||
|---|---|---|---|
| 999 |
_c6364 _d6364 |
||
| 003 | AR-CdUCM | ||
| 008 | 190315b ||||| |||| 00| 0 spa d | ||
| 040 |
_aMUNICIPALIDAD PROVINCIAL DEL CUSCO _cBIBLIOTECA MUNICIPAL DEL CUSCO |
||
| 082 |
_a086 / _bT583 |
||
| 110 |
_aTime life _918152 |
||
| 245 | _aEl origen del hombre / | ||
| 260 |
_aMexico : _bEdiciones Culturales Internacionales, _c1986. |
||
| 300 |
_a160 páginas ; _bláminas, fotografías, ilustraciones. _c26 cm. |
||
| 505 | _aContenido: n.1: la vida antes del hombre -- n.2: los primeros americanos -- n.3: los Fenicios -- n.4: los Hititas -- n.5: los Etruscos -- n.6: el nacimiento de la escritura -- n.7: los Israelitas n.8: las primeras ciudades -- n.9: el hombre de Cro-magnon -- n.10: el hombre de Neanderthal -- n.11: la revolución del Neolítico -- n.12: el descubrimiento de los metales -- n.13: los Celtas -- n.14: los hombres Nórdicos -- n.15: las primeras culturas de Grecia -- n.16: los Persas -- n.17: el eslabón perdido -- n.18: los primeros jinetes -- n.19: el primer hombre -- n.20: los constructores de Megalitos. | ||
| 650 |
_aEvolución del hombre. _92588 |
||
| 650 |
_aEvolución _97012 |
||
| 650 |
_aEvolución de la vida. _918153 |
||
| 650 |
_aPrimeras civilizaciones. _918154 |
||
| 942 |
_2ddc _cLIBROS |
||
| 945 | _awfj | ||